000 01882nam a22003017a 4500
005 20110510140044.0
010 _a425584-588
020 _a0195678176
_c325.00
020 _a9780195678178
_c325.00
035 _a425584-588
037 _bRBC/VEN
082 _a345.5470231
100 _aNoorani, A.G.
_928171
245 _a The trial of Bhagat Singh :
_b politics of justice /
_cby A.G. Noorani.
260 _aNew Delhi
_bOxford University Press
_c2010
300 _axx, 339 p.
_b map
_c23 cm.(pbk)
500 _aincludes bibliographical references and index.
600 _aSingh, Bhagat |
_xTrials, litigation, etc
_928172
650 _aTrials (Treason)
_zPakistan
_zLahore
_928173
650 _aTrials (Terrorism)
_zPakistan
_zLahore
_928174
942 _2ddc
_cEN
_h345.5470231
_mNOO
999 _c52303
_d52303